00561nam a22001097a 4500008004100000100002600041245009900067260002200166300003800188520020300226773002200429240425b ||||| |||| 00| 0 eng d aChakraborty, Srabani  aEnforcing social standards? Regional elites and local society in early medieval Western India  aSocial Scientist  a52(1-2), Jan-Feb, 2024: p.61-74  aThe rise of far right in India at present has created an atmosphere of growing cow vigilantism causing havoc in the lives and livelihood of minorities, especially Muslims and Dalits. – Reproduced  aSocial Scientist